|
|
|
|
| LEADER |
00000nam a2200000 a 4500 |
| 001 |
vtls001356175 |
| 003 |
SK-MaSNL |
| 005 |
20260301114941.0 |
| 008 |
240314s1959 xx 0 und |
| 035 |
|
|
|a SNK000309647
|
| 040 |
|
|
|a SNK
|b slo
|c SNK
|e AACR2
|
| 100 |
1 |
|
|a Palivec, Viktor,
|d 1908-1989
|4 aut
|9 249965
|
| 245 |
1 |
0 |
|a Vlastivědný průvodce Berounskem
|
| 260 |
|
|
|a Praha
|b Krajský dům osvety
|c 1959
|
| 300 |
|
|
|a 95 s.
|
| 999 |
|
|
|c 720366
|d 722296
|
| 952 |
|
|
|t P60, <04>, [BOOK], {604}
|a SNK
|b SNK
|y NEVYP
|7 0
|p 17A0182746
|o snkIC 24885 D1
|0 0
|1 1
|4 0
|d 1999-02-25
|l 0
|r 2005-01-02 00:00:00
|w 2026-02-23
|
| 952 |
|
|
|t P60, <04>, [BOOK], {604}
|a SNK
|b SNK
|y NEVYP
|7 0
|p 17A0182521
|o snkIC 24885/pril. D1
|0 0
|1 1
|4 0
|d 1999-02-25
|l 0
|r 2005-01-02 00:00:00
|w 2026-02-23
|